Invasion of the ormazoids

Zapisane w:
Opis bibliograficzny
1. autor: Martin, Philip (autor)
Format: Książka
Język:angielski
Wydane: Londres Severn House 1986
Wydanie:1a. ed
Seria:Make Your Own Adventure with Doctor Who
Hasła przedmiotowe:
Etykiety: Dodaj etykietę
Nie ma etykietki, Dołącz pierwszą etykiete!

MARC

LEADER 00000cam a2200000 a 4500
001 UCF5091
003 CL-VaPUC
008 130117e19860000UK |||||||||||||||||eng|d
020 |a 0727821008 
082 0 4 |a 823  |b MAR  |2 21 
100 |a Martin, Philip  |e autor  |9 566811 
245 1 0 |a Invasion of the ormazoids 
250 |a 1a. ed 
300 |a pág. irreg 
942 |c BK 
945 |d 20130117 00:00:00  |a cmena 
260 |a Londres  |b Severn House  |c 1986 
650 0 |a Novelas inglesas  |9 265220 
650 0 |a Ciencia ficción   |9 314542 
650 0 |a Literatura juvenil   |9 309909 
583 |a last modification  |c 20130117 11:37:00  |k Rodrigo Vera 
490 0 |a Make Your Own Adventure with Doctor Who 
999 |c 350704  |d 350702 
952 |0 0  |1 0  |4 0  |6 823_000000000000000_MAR_1986  |7 0  |8 A  |9 454278  |a BIBEDU  |b BIBEDU  |d 2019-11-22  |i 4935454  |o 823 MAR 1986  |p 4935454  |r 2019-11-22  |w 2019-11-22  |y BK  |k LIT